O Imperador e as suas Loucuras (Registo nº 5955)
[ vista simples ]
| 000 -Etiqueta do registo | |
|---|---|
| Valores | 00648nam a2200229 4500 |
| 010 ## - Número ISBN | |
| ISBN | 843452970X |
| 100 ## - Dados gerais de processamento | |
| Dados gerais | 20211231d2006 a||y0pory5003 ba |
| 200 1# - Titulo e menção de responsabilidade | |
| Título próprio | O Imperador e as suas Loucuras |
| Primeira menção de responsabilidade | Disney |
| Outras menções de responsabilidade | trad. Elsa Rocha |
| 210 ## - Publicação | |
| Local de publicação | [Singapura] |
| Nome do editor | Salvat |
| Data de publicação | 2006 |
| 215 ## - Descrição física | |
| Paginação / Volumes | [44] p. |
| Outras indicações físicas | muito il |
| Dimensões | 23 cm |
| 225 2# - Colecção | |
| Título próprio da colecção | Clube do Livro Disney |
| 606 ## - Nome comum usado como assunto | |
| ID Autoridade | 14 |
| Palavra de ordem | Literatura infantil |
| 606 ## - Nome comum usado como assunto | |
| ID Autoridade | 13 |
| Palavra de ordem | Literatura Estrangeira |
| 675 ## - CDU | |
| Notação | 82-93 |
| Edição | BN |
| Língua | por |
| 675 ## - CDU | |
| Notação | 821.1/.8 |
| Edição | BN |
| Língua | por |
| 700 ## - Autor principal (pessoa individual) | |
| Apelido | Disney |
| Nome | Walt |
| ID Autoridade | 4625 |
| 702 ## - Autor secundário (pessoa individual) | |
| Apelido | Rocha |
| Nome | Elsa |
| ID Autoridade | 3342 |
| 801 #0 - Fonte de origem | |
| País | PT |
| Agência | BMVN |
| Regras de catalogação | RPC |
| 830 ## - Notas gerais do catalogador | |
| Criado por | Ana Caetano |
| Data de criação | 31/12/2021 |
| 990 ## - Elementos KOHA | |
| Tipo de documento | Livro |
| Situação do levantamento | Biblioteca de origem | Código de barras | Cota | Permissão de empréstimo | Tipo de documento | Forma de aquisição |
|---|---|---|---|---|---|---|
| Biblioteca Municipal de Vendas Novas | 100000039696 | LI EST/IMP | Livro |